Statistiken für Deutsche UEFA Champions League Teilnehmer All-Time

Klicken Sie hier um das Quiz zu spielen!

Allgemein

  • Dieses Quiz wurde 135 mal gespielt
  • Das Durchschnittsergebnis liegt bei 14 aus 16

Antwortstatistiken

Letzte TeilnahmeTeam% Korrekt
2023/24Borussia Dortmund
99%
2023/24FC Bayern München
99%
2018/19FC Schalke 04
97%
2023/24RB Leipzig
97%
2022/23Bayer 04 Leverkusen
96%
2022/23Eintracht Frankfurt
96%
2023/241. FC Union Berlin
95%
2006/07Hamburger SV
95%
2020/21Borussia Mönchengladbach
92%
2010/11Werder Bremen
92%
2009/10VfB Stuttgart
91%
2021/22VfL Wolfsburg
88%
1998/991. FC Kaiserslautern
83%
2018/19TSG 1899 Hoffenheim
82%
1999/00Hertha BSC Berlin
75%
2000/01TSV 1860 München
43%

Verteilung der Resultate

Perzentil nach korrekt beantworteten Fragen

Anzahl Personen mit jedem Resultat

Ihre Resultats-Entwicklung

Sie haben dieses Quiz noch nicht gespielt